| 000 | 00571nam a2200169 a 4500 | ||
|---|---|---|---|
| 001 | 000039649 | ||
| 005 | 20201002033646.0 | ||
| 008 | 130715s2003 enk 000 0 spa d | ||
| 020 | _a0300092539 | ||
| 040 |
_aDO-SdBNP _bspa _cBNPHU |
||
| 082 | _axxx | ||
| 100 | 1 |
_aHerzog, Tamar _965836 |
|
| 245 | 1 | 0 |
_aDefining nations : _bimmigrants and citizens in early modern Spain and Spanish America / _cTamar Herzog. |
| 260 |
_aNew Haven, London : _bYale University Press, _c2003. |
||
| 300 |
_aviii, 325. p. ; _c25 cm. |
||
| 504 | _aIncluye referencias bibliográficas (p. 275-321) | ||
| 999 |
_c39139 _d39139 |
||